Quiz di cultura generale #15 - Statistics

Statistiche generali
  • Questo quiz è stato fatto 1.304 volte
  • Il punteggio medio è 12 su 20
Statistiche sulle risposte
DOMANDA RISPOSTA % Corretto
La più famosa regina dell'Egitto Cleopatra
95%
Quale creatura fantastica stava per ammaliare con il suo canto Ulisse? Sirena
92%
In che regione si trova la città di Enna? Sicilia
91%
Pietra preziosa di colore verde Smeraldo
91%
La sua capitale è Budapest Ungheria
91%
Il nome della Jolie Angelina
90%
Non c'è Renzo senza... Lucia
90%
In quale continente si trova il Brunei? Asia
87%
Se tu stai mangiando la trippa, quale organo stai mangiando? Stomaco
73%
Qual è la più grande isola degli Usa? Hawaii/Big Island
68%
Vincitore dell'ultima F1 Verstappen
67%
Stato con più siti Unesco dopo l'Italia Cina
57%
Scrittore del Signore degli Anelli Tolkien
57%
Qual è la capitale della Giamaica? Kingston
47%
Qual è il più grande lago dell'Africa? Vittoria
39%
Quale periodo viene prima del Giurassico? Triassico
34%
Squadra inglese con il soprannome "Magpies" Newcastle
28%
In quale stato odierno si trova la Nubia? Sudan
14%
I libri sacri dell'Induismo? Veda
9%
Quale grande città è vicina alla confluenza tra Missouri e Mississippi? (ospitò anche le Olimpiadi) Saint Louis
8%
Nessun quiz corrispondente trovato
Distribuzione punteggi
Percentuale di utenti per punteggio
Percentile per numero di risposta
I tuoi punteggi nel tempo
Non hai fatto questo quiz